00428nam a2200109Ia 4500008004100000020002200041245014300063260004900206300002800255650002200283650001300305200910s9999 xx 000 0 und d a978-191-16-1204-9 cEdited by Olaf Kraus de Camargo, Liane Simon, Gbariel M. Ronen, Peter L. RosenbaumaICF:ba hands-on approach for clinicians and families/ aQuezon City:bC and E Publishing, Inc.c2019 aviii, 173 pagesc24 cm. aChild development aNosology